000 00453nam a2200181Ia 4500
001 13259
005 20260306163040.0
008 260306t1999||||xx |||||||||||||| ||spa||
041 _aESP
082 _a001.42
_bH45 1999
100 _aHernández Sampieri, Roberto
_eAUT
245 0 _aMetodología de la investigación
260 _c1999
300 _axxviii, 501 páginas :
_c23 cm.
650 _aGEN
654 _aCHU
942 _cLIB
_dJUS
_fJUS
_2ddc
_n
999 _c13259
_d13259